000 00719nam a22002175i 4500
001 54060
003 ES-MaACL
005 20251005063043.0
007 t|
008 940202s1856 sp a ||||1| spa d
040 _aAR
_bspa
080 _a946.0"1759/88"
100 1 _aFerrer del Río, Antonio,
_d1814-1872
_950459
245 1 0 _aHistoria del reinado de Carlos III en España /
_cpor Antonio Ferrer del Río.
260 _aMadrid :
_b[s.n.],
_c1856 (
_fImp. de Matute y Compagni)
300 _a4 v. ;
_c23 cm.
600 0 4 _aCarlos
_bIII,
_cRey de España
_935305
651 4 _aEspaña-
_xHistoria-
_y1759-1788, Carlos III.
_98240
852 4 _a BA
_jZ-91-94
_xOlim: C-136-9
999 _c54060
_d54060